El ABC y XYZ de la apicultura: enciclopedia de la cría científica y práctica de las abejas.
Guardat en:
| Autor principal: | |
|---|---|
| Format: | Llibre |
| Idioma: | espanyol |
| Publicat: |
Buenos Aires, Argentina
Hemisferio Sur
1984
|
| Matèries: | |
| Etiquetes: |
Afegir etiqueta
Sense etiquetes, Sigues el primer a etiquetar aquest registre!
|
MARC
| LEADER | 00000nam a2200000 a 4500 | ||
|---|---|---|---|
| 001 | UCS9014 | ||
| 003 | CL-VaPUC | ||
| 005 | 20250102121729.0 | ||
| 008 | 971113e19840000AG |||||||||||||||||spa|d | ||
| 999 | |c 263091 |d 263089 | ||
| 040 | |c Pontificia Universidad Católica de Valparaíso | ||
| 082 | 0 | 4 | |a 638.1 ROO 1984 |2 21 |
| 100 | 0 | |a Root, A. I |9 393946 | |
| 245 | 1 | 3 | |a El ABC y XYZ de la apicultura: enciclopedia de la cría científica y práctica de las abejas. |
| 260 | 0 | 3 | |a Buenos Aires, Argentina |b Hemisferio Sur |c 1984 |
| 300 | |a 723 páginas. | ||
| 583 | |a last modification |c 20120910 05:04:20 |k Rodrigo Vera | ||
| 650 | 0 | |a Apicultura |9 264400 | |
| 650 | 0 | |a Abejas (Apoidea) |9 269522 | |
| 650 | 0 | |a Anatomía de la abeja |9 393947 | |
| 650 | 0 | |a Zánganos |9 797241 | |
| 650 | 7 | |a PRODUCCION DE MIEL |2 CL-VaPUC |9 393949 | |
| 650 | 0 | |a Apiarios |9 393950 | |
| 650 | 0 | |a Colmena de abejas |9 393951 | |
| 650 | 7 | |a PANALES |2 CL-VaPUC |9 393952 | |
| 942 | |c BK |2 ddc | ||
| 945 | |d 19971113 00:00:00 |a jquezada | ||